Diseño de una plataforma acuática para el lanzamiento de cohetes de alta potencia dentro del territorio costarricense cumpliendo los requerimientos de seguridad
Salvato in:
| Autore principale: | |
|---|---|
| Altri autori: | , |
| Natura: | Libro |
| Lingua: | Spanish |
| Pubblicazione: |
[San José, Costa Rica]
2023
|
| Soggetti: | |
| Tags: |
Aggiungi Tag
Nessun Tag, puoi essere il primo ad aggiungerne!!
|
MARC
| LEADER | 00000nam a2200000Ia 4500 | ||
|---|---|---|---|
| 003 | 013670 | ||
| 005 | 20230711095601.0 | ||
| 008 | 140114s2023 cr a 000 ||spa d | ||
| 040 | |c cru CEDI | ||
| 100 | |a Dittel Meza, Angely Selenia, 1996- |9 937 | ||
| 245 | |a Diseño de una plataforma acuática para el lanzamiento de cohetes de alta potencia dentro del territorio costarricense cumpliendo los requerimientos de seguridad | ||
| 260 | |a [San José, Costa Rica] |c 2023 | ||
| 500 | |a Proyecto de graduación (licenciatura en ingeniería mecánica) --Universidad de Costa Rica. Facultad de Ingeniería. Escuela de Ingeniería Mecánica | ||
| 501 | |a Directora de Proyecto de Graduación: Ed.D. Leonora de Lemos Medina | ||
| 650 | |x PROYECTILES DIRIGIDOS |x PROTOTIPOS |x CONSTRUCCION DE MODELOS |x BIOMIMETICA |x DESARROLLO DE PROTOTIPOS |x AERONAUTICA- INVESTIGACIONES |x COHETES (AERONAUTICA) | ||
| 700 | |9 938 |a Rodríguez Vargas, Stephanie | ||
| 700 | |9 39 |a De Lemos Medina, Leonora, 1977- |d Directora del TFG | ||
| 942 | |c CEDI |h TFG 8821 |6 TFG_8821_000000000000000 | ||
| 999 | |c 15433 |d 15433 | ||
